[Event "2013 Calgary International"]
[Site "Calgary"]
[Date "2013.05.15"]
[Round "3"]
[White "Jayakumar, Adarsh"]
[Black "Perelshteyn, Eugene"]
[Result "1/2-1/2"]
[WhiteElo "2336"]
[BlackElo "2517"]
[PlyCount "61"]
[EventDate "2013.05.14"]
[EventType "swiss"]
[EventRounds "9"]
[EventCountry "CAN"]
[TimeControl "5400"]

1. d4 Nf6 2. c4 e6 3. g3 Bb4+ 4. Bd2 Qe7 5. Bg2 Nc6 6. e3 e5 7. d5 Nb8 8. Nc3
Bxc3 9. Bxc3 d6 10. b4 h5 11. Nf3 Bf5 12. O-O Nbd7 13. Ng5 e4 14. Qc2 Bg6 15.
h4 Ne5 16. Qa4+ Qd7 17. Qxd7+ Nexd7 18. Rac1 O-O 19. c5 Rfe8 20. Rfd1 Ne5 21.
Bxe5 Rxe5 22. cxd6 cxd6 23. Rc7 Rb8 24. Rc4 Kf8 25. Rdd4 Rbe8 26. Rc7 R5e7 27.
Rcc4 Bf5 28. Bh3 Ng4 29. Bg2 Nf6 30. Bh3 Ng4 31. Bg2 1/2-1/2

[Event "2013 Calgary International"]
[Site "Calgary"]
[Date "2013.05.17"]
[Round "5"]
[White "Jayakumar, Adarsh"]
[Black "So, Wesley"]
[Result "0-1"]
[WhiteElo "2336"]
[BlackElo "2705"]
[PlyCount "62"]
[EventDate "2013.05.14"]
[EventType "swiss"]
[EventRounds "9"]
[EventCountry "CAN"]
[TimeControl "5400"]

1. d4 Nf6 2. c4 e6 3. g3 d5 4. Nf3 dxc4 5. Bg2 a6 6. O-O Nc6 7. Bg5 Be7 8. e3
Nd5 9. Bxe7 Qxe7 10. Qc2 b5 11. b3 Ncb4 12. Qd2 cxb3 13. axb3 Bb7 14. Rc1 O-O
15. Rc5 Nc6 16. Qc1 Qd7 17. Nbd2 b4 18. Qc2 f6 19. Ne1 Nce7 20. Nd3 Bc6 21.
Bxd5 Bxd5 22. Nxb4 Ra7 23. Rxa6 Rxa6 24. Nxa6 Ra8 25. Nxc7 Ra1+ 26. Nb1 Bc6 27.
e4 Qxc7 28. d5 exd5 29. exd5 Nxd5 30. Rxc6 Rxb1+ 31. Kg2 Qb7 0-1

[Event "2013 Calgary International"]
[Site "Calgary"]
[Date "2013.05.17"]
[Round "5"]
[White "Porper, Edward"]
[Black "Perelshteyn, Eugene"]
[Result "1/2-1/2"]
[WhiteElo "2423"]
[BlackElo "2517"]
[PlyCount "60"]
[EventDate "2013.05.14"]
[EventType "swiss"]
[EventRounds "9"]
[EventCountry "CAN"]
[TimeControl "5400"]

1. d4 d6 2. Nf3 g6 3. c4 Bg7 4. Nc3 Nc6 5. g3 Bg4 6. Bg2 Qc8 7. Qa4 Bd7 8. Qd1
Nf6 9. O-O O-O 10. b3 a6 11. Bb2 Rb8 12. Rc1 Bh6 13. e3 Bg4 14. Qd2 Qf5 15. Nh4
Qd7 16. d5 Nd8 17. Ne4 Nxe4 18. Bxe4 e5 19. f4 f5 20. Bf3 Nf7 21. Bxg4 fxg4 22.
c5 g5 23. Ng2 gxf4 24. exf4 Rbe8 25. c6 bxc6 26. Rxc6 exf4 27. gxf4 Re7 28. Qc3
Rfe8 29. Nh4 Re3 30. Qf6 Qe7 1/2-1/2

[Event "2013 Calgary International"]
[Site "Calgary"]
[Date "2013.05.17"]
[Round "5"]
[White "Van Kampen, Robin"]
[Black "Hansen, Eric"]
[Result "1/2-1/2"]
[WhiteElo "2580"]
[BlackElo "2577"]
[PlyCount "45"]
[EventDate "2013.05.14"]
[EventType "swiss"]
[EventRounds "9"]
[EventCountry "CAN"]
[TimeControl "5400"]

1. e4 c5 2. Nf3 d6 3. d4 cxd4 4. Nxd4 Nf6 5. Nc3 a6 6. Be3 e6 7. g4 e5 8. Nf5
Nc6 9. Bg2 g6 10. Qe2 gxf5 11. exf5 Rg8 12. h3 h5 13. Bf3 Bh6 14. O-O-O Bxe3+
15. Qxe3 Kf8 16. Kb1 Nd4 17. Qh6+ Rg7 18. Qh8+ Rg8 19. Qh6+ Rg7 20. Qh8+ Rg8
21. Qh6+ Rg7 22. Qh8+ Rg8 23. Qh6+ 1/2-1/2

[Event "2013 Calgary International"]
[Site "Calgary"]
[Date "2013.05.17"]
[Round "5"]
[White "Wang, Richard"]
[Black "Mikhalevski, Victor"]
[Result "1/2-1/2"]
[WhiteElo "2365"]
[BlackElo "2551"]
[PlyCount "97"]
[EventDate "2013.05.14"]
[EventType "swiss"]
[EventRounds "9"]
[EventCountry "CAN"]
[TimeControl "5400"]

1. d4 Nf6 2. Nf3 d5 3. e3 g6 4. c4 Bg7 5. cxd5 O-O 6. Be2 Nxd5 7. e4 Nb6 8. Nc3
Bg4 9. Be3 Nc6 10. d5 Bxf3 11. gxf3 Na5 12. Bd4 c5 13. Bxg7 Kxg7 14. Qd2 Nbc4
15. Bxc4 Nxc4 16. Qe2 Nd6 17. h4 b5 18. h5 Qa5 19. Qe3 Nc4 20. Qc1 Ne5 21. Kf1
b4 22. hxg6 Qa6+ 23. Ne2 fxg6 24. Qh6+ Kf7 25. Qxh7+ Ke8 26. Rd1 Qf6 27. f4 Nf7
28. Rg1 g5 29. e5 Nxe5 30. Rxg5 Nf7 31. Rf5 Rh8 32. Rxf6 Rxh7 33. Rg6 Kd7 34.
Ng3 Nd6 35. b3 Rh4 36. f5 Rf8 37. Rc1 Nxf5 38. Nxf5 Rxf5 39. Rxc5 Rhf4 40. Rc2
a5 41. Rd2 Rf6 42. Rg8 Rf8 43. Rg7 R8f7 44. Rxf7 Rxf7 45. Rc2 Rf3 46. Rc5 a4
47. bxa4 Ra3 48. Rc4 Rxa4 49. a3 1/2-1/2

[Event "2013 Calgary International"]
[Site "Calgary"]
[Date "2013.05.18"]
[Round "6"]
[White "Hansen, Eric"]
[Black "Perelshteyn, Eugene"]
[Result "1/2-1/2"]
[WhiteElo "2577"]
[BlackElo "2517"]
[PlyCount "143"]
[EventDate "2013.05.14"]
[EventType "swiss"]
[EventRounds "9"]
[EventCountry "CAN"]
[TimeControl "5400"]

1. e4 e5 2. Nf3 Nc6 3. Bb5 Nf6 4. d3 d6 5. O-O Be7 6. c3 O-O 7. Re1 Bg4 8. Nbd2
a6 9. Bxc6 bxc6 10. h3 Bh5 11. Nf1 Nd7 12. g4 Bg6 13. Ng3 Re8 14. d4 Bf8 15.
dxe5 dxe5 16. Be3 Nc5 17. Bxc5 Qxd1 18. Raxd1 Bxc5 19. Rd7 Bd6 20. Nf5 Rad8 21.
Rxd8 Rxd8 22. Nd2 Bf8 23. Nc4 f6 24. Kf1 Bf7 25. Nfe3 h5 26. Ke2 hxg4 27. hxg4
Be6 28. g5 Kf7 29. gxf6 gxf6 30. Na5 c5 31. b3 Bd6 32. Rh1 Kg6 33. Rg1+ Kf7 34.
Rh1 Kg6 35. Rg1+ Kf7 36. Nf5 Rh8 37. Nxd6+ cxd6 38. Nb7 Ke7 39. Rg7+ Kf8 40.
Rg6 Rh3 41. c4 Ke7 42. Rg7+ Kf8 43. Rc7 Bg4+ 44. Kd2 Rh1 45. f3 Bxf3 46. Ke3
Bh5 47. Nxd6 Re1+ 48. Kf2 Re2+ 49. Kg3 Rxa2 50. Nb7 Bd1 51. Nxc5 a5 52. Rd7 Ra1
53. Ra7 Ra2 54. Rd7 Ra1 55. Kf2 Ke8 56. Rb7 a4 57. Nxa4 Bxb3 58. Nb6 Rc1 59.
Rc7 Kd8 60. Rc6 Bc2 61. Ke3 Ra1 62. Rc8+ Ke7 63. Nd5+ Kf7 64. Rc7+ Kg6 65. Nc3
f5 66. Rc6+ Kg5 67. exf5 Kxf5 68. Rc8 Rh1 69. Rf8+ Ke6 70. Re8+ Kf5 71. Rf8+
Ke6 72. Re8+ 1/2-1/2

[Event "2013 Calgary International"]
[Site "Calgary"]
[Date "2013.05.18"]
[Round "6"]
[White "Wang, Richard"]
[Black "Van Kampen, Robin"]
[Result "0-1"]
[WhiteElo "2365"]
[BlackElo "2580"]
[PlyCount "66"]
[EventDate "2013.05.14"]
[EventType "swiss"]
[EventRounds "9"]
[EventCountry "CAN"]
[TimeControl "5400"]

1. d4 Nf6 2. Nf3 g6 3. c4 Bg7 4. Nc3 O-O 5. e4 d6 6. h3 e5 7. d5 Nh5 8. g3 a5
9. Be2 Na6 10. Bg5 f6 11. Bc1 f5 12. exf5 gxf5 13. Nh4 Nf6 14. g4 f4 15. Ng2
Nc5 16. f3 Bd7 17. O-O c6 18. Bd3 cxd5 19. cxd5 b5 20. Ne4 Nfxe4 21. Bxe4 Nxe4
22. fxe4 h5 23. gxh5 Bxh3 24. Qf3 Bd7 25. Bd2 Qg5 26. Rac1 Bg4 27. Qf2 Bxh5 28.
Qh4 Qg6 29. Kh2 Bf6 30. Qe1 Ra7 31. Rc3 Bg4 32. Kg1 Rh7 33. Qf2 Qh5 0-1

[Event "2013 Calgary International"]
[Site "Calgary"]
[Date "2013.05.18"]
[Round "7"]
[White "Perelshteyn, Eugene"]
[Black "So, Wesley"]
[Result "0-1"]
[WhiteElo "2517"]
[BlackElo "2705"]
[PlyCount "110"]
[EventDate "2013.05.14"]
[EventType "swiss"]
[EventRounds "9"]
[EventCountry "CAN"]
[TimeControl "5400"]

1. d4 Nf6 2. c4 g6 3. Nc3 d5 4. cxd5 Nxd5 5. Bd2 Bg7 6. e4 Nxc3 7. Bxc3 O-O 8.
Rc1 c5 9. dxc5 Qxd1+ 10. Kxd1 Rd8+ 11. Kc2 Bxc3 12. Kxc3 Be6 13. Nf3 Nd7 14.
Kb4 Rac8 15. Be2 Nf6 16. Bc4 Nxe4 17. Bxe6 fxe6 18. Rc2 b6 19. c6 Rd5 20. Re1
Nc5 21. Ne5 Rxe5 22. Rxe5 Nd3+ 23. Kb5 Nxe5 24. c7 Kf8 25. Ka6 Nf7 26. a4 Nd6
27. Kxa7 Ke8 28. Kxb6 Kd7 29. b4 Rf8 30. b5 Kc8 31. Ka7 Rf4 32. Ra2 Rf5 33. Kb6
Nc4+ 34. Kc6 Rd5 35. f4 Rd6+ 36. Kc5 Nd2 37. a5 Kxc7 38. b6+ Kb8 39. Kb5 Ne4
40. Ra1 Rd5+ 41. Kc6 Rd6+ 42. Kb5 Nc3+ 43. Kc5 Rd5+ 44. Kb4 Ne4 45. Re1 Nc5 46.
Kc4 Kb7 47. Rxe6 Nxe6 48. Kxd5 Nxf4+ 49. Ke5 Nxg2 50. Ke6 Nh4 51. Kxe7 Nf3 52.
h3 Ng5 53. Kd6 Nxh3 54. Kc5 Nf4 55. Kb5 Nd5 0-1

[Event "2013 Calgary International"]
[Site "Calgary"]
[Date "2013.05.18"]
[Round "7"]
[White "Porper, Edward"]
[Black "Hansen, Eric"]
[Result "1-0"]
[WhiteElo "2423"]
[BlackElo "2577"]
[PlyCount "71"]
[EventDate "2013.05.14"]
[EventType "swiss"]
[EventRounds "9"]
[EventCountry "CAN"]
[TimeControl "5400"]

1. Nf3 g6 2. g3 Bg7 3. Bg2 Nf6 4. O-O O-O 5. d4 d5 6. Ne5 Ng4 7. Nxg4 Bxg4 8.
c4 Nc6 9. cxd5 Nxd4 10. Nc3 c6 11. h3 Bd7 12. Bg5 cxd5 13. Nxd5 Re8 14. Nc3 Bc6
15. Bxc6 Nxc6 16. Qxd8 Rexd8 17. Rac1 f5 18. Be3 Kf7 19. Na4 Rac8 20. Nc5 b6
21. Nd3 e5 22. f3 Ke6 23. Rc2 Ne7 24. Rfc1 e4 25. fxe4 fxe4 26. Nf4+ Kd7 27.
Rd2+ Ke8 28. Rxd8+ Rxd8 29. Ne6 Rd7 30. Nxg7+ Kf7 31. Bh6 g5 32. Bxg5 Kxg7 33.
Bxe7 Rxe7 34. Kf2 Kf6 35. Ke3 Rg7 36. Kf4 1-0

[Event "2013 Calgary International"]
[Site "Calgary"]
[Date "2013.05.19"]
[Round "8"]
[White "Hansen, Eric"]
[Black "Ebrahim-Shirazi, Behrooz"]
[Result "1-0"]
[WhiteElo "2577"]
[BlackElo "2063"]
[PlyCount "55"]
[EventDate "2013.05.14"]
[EventType "swiss"]
[EventRounds "9"]
[EventCountry "CAN"]
[TimeControl "5400"]

1. e4 e6 2. d4 d5 3. Nc3 Bb4 4. e5 b6 5. a3 Bf8 6. Bb5+ c6 7. Ba4 a5 8. Nce2
Ba6 9. c3 Ne7 10. Ng3 Qc7 11. Nh3 b5 12. Bc2 c5 13. O-O Nd7 14. Bd3 cxd4 15.
cxd4 Nc6 16. Be3 Qb6 17. Ng5 b4 18. Bxa6 Qxa6 19. axb4 Bxb4 20. Qh5 g6 21. Qh3
h5 22. Rfc1 Kf8 23. Ne2 Nd8 24. Nf4 Be7 25. Nxd5 exd5 26. Qxd7 Bxg5 27. Bxg5
Qe6 28. Qc7 1-0

[Event "2013 Calgary International"]
[Site "Calgary"]
[Date "2013.05.19"]
[Round "8"]
[White "Porper, Edward"]
[Black "Van Kampen, Robin"]
[Result "1/2-1/2"]
[WhiteElo "2423"]
[BlackElo "2580"]
[PlyCount "119"]
[EventDate "2013.05.14"]
[EventType "swiss"]
[EventRounds "9"]
[EventCountry "CAN"]
[TimeControl "5400"]

1. d4 g6 2. c4 Nf6 3. g3 Bg7 4. Bg2 O-O 5. Nc3 d6 6. Nf3 Nc6 7. O-O a6 8. b3
Rb8 9. Nd5 e6 10. Nxf6+ Qxf6 11. Bb2 Qe7 12. Qd2 e5 13. dxe5 dxe5 14. Rad1 Bf5
15. Qe3 Rfe8 16. Rd2 Qf8 17. Rdd1 Nd4 18. Nxd4 exd4 19. Qf3 c5 20. e3 Be4 21.
Qe2 Bxg2 22. Kxg2 b5 23. Qd3 dxe3 24. Bxg7 Qxg7 25. fxe3 Qe5 26. Rf3 Qe6 27.
cxb5 axb5 28. Qd5 Ra8 29. Rf2 Qe7 30. Rdf1 Qe4+ 31. Qxe4 Rxe4 32. Rxf7 Rxa2+
33. R7f2 Ra7 34. Re2 Rae7 35. Rf3 R7e5 36. Rc2 Rxe3 37. Rxe3 Rxe3 38. Rxc5 Rxb3
39. Rc7 Rb2+ 40. Kh3 b4 41. Rb7 h5 42. g4 hxg4+ 43. Kxg4 b3 44. Kg5 Rg2+ 45.
Kf6 b2 46. h3 Kh8 47. Rb4 Kg8 48. Rb7 Kh8 49. Rb4 Kh7 50. Rh4+ Kg8 51. Rb4 Rg3
52. Rxb2 Kh7 53. Ke5 Rxh3 54. Kf4 Ra3 55. Kg4 Ra5 56. Rb1 Kh6 57. Rh1+ Kg7 58.
Rb1 Kh6 59. Rh1+ Kg7 60. Rb1 1/2-1/2

[Event "8th Edmonton International"]
[Site "Edmonton Canada"]
[Date "2013.06.24"]
[Round "2"]
[White "Hansen, Eric"]
[Black "Doroshenko, Maxim"]
[Result "0-1"]
[WhiteElo "2577"]
[BlackElo "2336"]
[PlyCount "78"]
[EventDate "2013.06.23"]
[EventType "tourn"]
[EventRounds "9"]
[EventCountry "CAN"]
[TimeControl "5400"]

1. e4 c6 2. d4 d5 3. e5 Bf5 4. Nf3 e6 5. Be2 Ne7 6. O-O Nd7 7. Nbd2 h6 8. Nb3
a6 9. Bd2 Ng6 10. Ne1 h5 11. h3 c5 12. Bxh5 Qh4 13. Bg4 Bxg4 14. Qxg4 Qxg4 15.
hxg4 c4 16. Nc1 f6 17. exf6 gxf6 18. Ne2 Bd6 19. g3 Kf7 20. f4 Ne7 21. Nf3 Rag8
22. g5 Nf5 23. Kg2 Be7 24. gxf6 Bxf6 25. Rh1 Nh4+ 26. Nxh4 Bxh4 27. Bb4 Be7 28.
Bxe7 Kxe7 29. Rxh8 Rxh8 30. Rh1 Rxh1 31. Kxh1 b5 32. Kg2 b4 33. g4 a5 34. Kf3
a4 35. g5 Kf7 36. Kg4 Kg6 37. c3 a3 38. bxa3 b3 39. axb3 cxb3 0-1

[Event "8th Edmonton International"]
[Site "Edmonton Canada"]
[Date "2013.06.24"]
[Round "2"]
[White "Perez Garcia, Rodney"]
[Black "Gardner, Robert"]
[Result "1-0"]
[WhiteElo "2364"]
[BlackElo "2213"]
[PlyCount "105"]
[EventDate "2013.06.23"]
[EventType "tourn"]
[EventRounds "9"]
[EventCountry "CAN"]
[TimeControl "5400"]

1. e4 d6 2. d4 Nf6 3. Nc3 g6 4. Nf3 Bg7 5. Be2 O-O 6. O-O e6 7. Re1 Nc6 8. Bf4
b6 9. Qd2 Bb7 10. Bh6 Ne7 11. Bxg7 Kxg7 12. e5 dxe5 13. dxe5 Ne4 14. Nxe4 Bxe4
15. Qf4 Bb7 16. Rad1 Nd5 17. Qc1 Qe7 18. a3 c5 19. c4 Nc7 20. Rd6 Rfd8 21. Red1
Ne8 22. R6d2 Bc6 23. b3 Rac8 24. h3 Rxd2 25. Qxd2 Rc7 26. Qd8 Qxd8 27. Rxd8
Bxf3 28. Bxf3 Kf8 29. Be4 Ke7 30. Ra8 f6 31. f4 f5 32. Bf3 h5 33. Kf2 h4 34. g3
hxg3+ 35. Kxg3 Kf7 36. Kh4 Ng7 37. Kg5 Rd7 38. Kh6 Rd3 39. Rxa7+ Kf8 40. Ra8+
Kf7 41. Ra7+ Kf8 42. Kxg6 Rxf3 43. Rf7+ Ke8 44. Rxg7 Rxf4 45. Kf6 Rh4 46. Kxe6
Rh6+ 47. Kxf5 Rxh3 48. Ke6 Kf8 49. Rf7+ Kg8 50. b4 Rxa3 51. bxc5 bxc5 52. Rc7
Ra5 53. Kf6 1-0

[Event "8th Edmonton International"]
[Site "Edmonton Canada"]
[Date "2013.06.24"]
[Round "2"]
[White "Short, Nigel"]
[Black "Bruzon, Lazaro"]
[Result "0-1"]
[WhiteElo "2682"]
[BlackElo "2687"]
[PlyCount "46"]
[EventDate "2013.06.23"]
[EventType "tourn"]
[EventRounds "9"]
[EventCountry "CAN"]
[TimeControl "5400"]

1. c4 e6 2. g3 d5 3. Bg2 Nf6 4. Nf3 Be7 5. d4 O-O 6. Qc2 c5 7. dxc5 Qa5+ 8. Nc3
dxc4 9. O-O Nc6 10. Bg5 Qxc5 11. Rfd1 Nb4 12. Qa4 Bd7 13. Rxd7 Nxd7 14. Qxd7
Bxg5 15. a3 Nc2 16. Rb1 Rfd8 17. Qxb7 Rab8 18. Qa6 Bf6 19. Ne4 Qb5 20. Nxf6+
gxf6 21. Qxa7 Rd7 22. a4 Rxa7 23. axb5 Rxb5 0-1

[Event "8th Edmonton International"]
[Site "Edmonton Canada"]
[Date "2013.06.24"]
[Round "2"]
[White "Wang, Richard"]
[Black "Haessel, Dale"]
[Result "1-0"]
[WhiteElo "2371"]
[BlackElo "2171"]
[PlyCount "51"]
[EventDate "2013.06.23"]
[EventType "tourn"]
[EventRounds "9"]
[EventCountry "CAN"]
[TimeControl "5400"]

1. d4 Nf6 2. Nf3 d5 3. e3 e6 4. Bd3 c5 5. b3 Nc6 6. O-O Be7 7. Bb2 O-O 8. Nbd2
b6 9. Ne5 Qc7 10. a3 Nxe5 11. dxe5 Nd7 12. f4 f5 13. c4 g6 14. cxd5 exd5 15.
Qf3 Bb7 16. Qh3 h5 17. g4 fxg4 18. Qg3 Qc6 19. f5 gxf5 20. Bxf5 Rxf5 21. Rxf5
Qg6 22. Raf1 Nf8 23. e6 Nxe6 24. Qe5 d4 25. Rf6 Bxf6 26. Rxf6 1-0

[Event "8th Edmonton International"]
[Site "Edmonton Canada"]
[Date "2013.06.25"]
[Round "3"]
[White "Bruzon, Lazaro"]
[Black "Wang, Richard"]
[Result "1-0"]
[WhiteElo "2687"]
[BlackElo "2371"]
[PlyCount "59"]
[EventDate "2013.06.23"]
[EventType "tourn"]
[EventRounds "9"]
[EventCountry "CAN"]
[TimeControl "5400"]

1. Nf3 c5 2. c4 Nc6 3. d4 cxd4 4. Nxd4 Qb6 5. Nb3 Nf6 6. Nc3 e6 7. a3 Be7 8. e4
d6 9. Be2 O-O 10. O-O Qc7 11. Be3 b6 12. Rc1 Rd8 13. f4 Ba6 14. Nd2 Rac8 15. b4
Bb7 16. Bf3 Qb8 17. Qe2 Bf8 18. Nb3 g6 19. Bf2 Bg7 20. Bh4 Rd7 21. Rfd1 Ne7 22.
Nb5 Ne8 23. c5 Ba6 24. a4 bxc5 25. bxc5 g5 26. Bxg5 Ng6 27. f5 exf5 28. exf5
Ne5 29. c6 Rdc7 30. N3d4 1-0

[Event "8th Edmonton International"]
[Site "Edmonton Canada"]
[Date "2013.06.25"]
[Round "3"]
[White "Gardner, Robert"]
[Black "Hansen, Eric"]
[Result "0-1"]
[WhiteElo "2213"]
[BlackElo "2577"]
[Annotator "."]
[PlyCount "54"]
[EventDate "2013.06.23"]
[EventType "tourn"]
[EventRounds "9"]
[EventCountry "CAN"]
[TimeControl "5400"]

1. d4 Nf6 2. c4 e6 3. Nc3 Bb4 4. e3 O-O 5. Nge2 d5 6. a3 Be7 7. Ng3 c6 8. b3
Nbd7 9. Bd3 c5 10. cxd5 cxd4 11. exd4 Nxd5 12. Nxd5 Qa5+ 13. Nb4 Bxb4+ 14. axb4
Qxa1 15. Ne2 a5 16. O-O axb4 17. Qc2 Nf6 18. Bb2 Qa5 19. d5 Qxd5 20. Nf4 Qg5
21. g3 Ra5 22. h4 Qc5 23. Qe2 e5 24. Rc1 Qd6 25. Rd1 Qb6 26. Nh5 Nxh5 27. Qxh5
e4 0-1

[Event "8th Edmonton International"]
[Site "Edmonton Canada"]
[Date "2013.06.25"]
[Round "3"]
[White "Haessel, Dale"]
[Black "Perez Garcia, Rodney"]
[Result "1/2-1/2"]
[WhiteElo "2171"]
[BlackElo "2364"]
[PlyCount "43"]
[EventDate "2013.06.23"]
[EventType "tourn"]
[EventRounds "9"]
[EventCountry "CAN"]
[TimeControl "5400"]

1. d4 d5 2. Nf3 Nf6 3. c4 c6 4. e3 e6 5. Nc3 a6 6. b3 Bb4 7. Bd2 Nbd7 8. Bd3
O-O 9. O-O Bd6 10. Qc2 e5 11. cxd5 cxd5 12. e4 exd4 13. Nxd5 Nxd5 14. exd5 Nf6
15. Qc4 Bg4 16. Qxd4 Rc8 17. Rad1 Bc5 18. Qf4 Bd6 19. Qd4 Bc5 20. Qf4 Bd6 21.
Qd4 Bc5 22. Qf4 1/2-1/2

[Event "8th Edmonton International"]
[Site "Edmonton Canada"]
[Date "2013.06.25"]
[Round "3"]
[White "Mikhalevski, Victor"]
[Black "Short, Nigel"]
[Result "1-0"]
[WhiteElo "2551"]
[BlackElo "2682"]
[PlyCount "133"]
[EventDate "2013.06.23"]
[EventType "tourn"]
[EventRounds "9"]
[EventCountry "CAN"]
[TimeControl "5400"]

1. c4 b6 2. Nc3 Bb7 3. e4 e5 4. d3 Bc5 5. g3 f5 6. Bg2 Nf6 7. Nf3 O-O 8. O-O d6
9. exf5 Qc8 10. a3 a5 11. Nb5 Na6 12. d4 exd4 13. Nbxd4 Bxd4 14. Nxd4 Nc5 15.
b3 Bxg2 16. Kxg2 Qb7+ 17. Qf3 Qxf3+ 18. Kxf3 Nfd7 19. g4 a4 20. b4 Ne5+ 21. Kg3
Ne4+ 22. Kg2 Nxc4 23. b5 Nc5 24. Ra2 Rae8 25. Rc2 Ne5 26. f3 Ned7 27. Rd1 h6
28. Kf1 Rf7 29. Bf4 Kh7 30. h3 Nf6 31. Kf2 Nd5 32. Bc1 Rfe7 33. Ne6 Nf6 34. Bb2
Kg8 35. Bxf6 gxf6 36. Nf4 Rf7 37. Nd5 Kf8 38. Re2 Re5 39. Rd4 Ke8 40. f4 Rxe2+
41. Kxe2 Kd7 42. Kf3 Rf8 43. Kg3 c6 44. bxc6+ Kxc6 45. Kh4 Nb3 46. Nb4+ Kc5 47.
Rd5+ Kc4 48. Rxd6 b5 49. Rc6+ Kd4 50. Kh5 Na5 51. Rd6+ Kc3 52. Rd3+ Kb2 53.
Kxh6 Nb3 54. Kg7 Ra8 55. g5 Kxa3 56. Nd5 fxg5 57. fxg5 Kb2 58. f6 a3 59. Nb4
Nc5 60. Re3 Na6 61. Nxa6 Rxa6 62. f7 Ra7 63. Kg8 Rxf7 64. Kxf7 b4 65. g6 a2 66.
Re2+ Ka3 67. Rxa2+ 1-0

[Event "8th Edmonton International"]
[Site "Edmonton Canada"]
[Date "2013.06.26"]
[Round "4"]
[White "Hansen, Eric"]
[Black "Haessel, Dale"]
[Result "1-0"]
[WhiteElo "2577"]
[BlackElo "2171"]
[PlyCount "53"]
[EventDate "2013.06.23"]
[EventType "tourn"]
[EventRounds "9"]
[EventCountry "CAN"]
[TimeControl "5100"]

1. d4 d5 2. c4 c6 3. Nf3 Nf6 4. e3 e6 5. Bd3 Nbd7 6. O-O Bd6 7. Nc3 O-O 8. Qc2
h6 9. b3 e5 10. cxd5 cxd5 11. Nb5 Bb8 12. dxe5 Ng4 13. Ba3 Ndxe5 14. Nxe5 Bxe5
15. h3 Bxa1 16. Rxa1 Ne5 17. Bxf8 Nxd3 18. Qxd3 Kxf8 19. Rd1 Be6 20. e4 a6 21.
Nc3 d4 22. Ne2 Qa5 23. Nxd4 Bd7 24. Rc1 Qxa2 25. Rc7 Bb5 26. Ne6+ Kg8 27. Qc3
1-0

[Event "8th Edmonton International"]
[Site "Edmonton Canada"]
[Date "2013.06.27"]
[Round "5"]
[White "Bruzon, Lazaro"]
[Black "Hansen, Eric"]
[Result "1-0"]
[WhiteElo "2687"]
[BlackElo "2577"]
[PlyCount "65"]
[EventDate "2013.06.23"]
[EventType "tourn"]
[EventRounds "9"]
[EventCountry "CAN"]
[TimeControl "5400"]

1. c4 Nf6 2. Nf3 e6 3. g3 d5 4. Bg2 Be7 5. d4 O-O 6. O-O dxc4 7. Qc2 a6 8. Qxc4
b5 9. Qc2 Bb7 10. Bd2 Bd6 11. Re1 Be4 12. Qc1 Bb7 13. a3 Qc8 14. Bf4 Nbd7 15.
Nc3 Bxf4 16. Qxf4 c5 17. Rac1 Qb8 18. dxc5 Nxc5 19. Qxb8 Raxb8 20. Nd4 Bxg2 21.
Kxg2 Rbc8 22. Na2 Rfd8 23. Red1 Nd5 24. b4 Na4 25. Nc6 Re8 26. Rxd5 Rxc6 27.
Rxc6 exd5 28. Rxa6 g5 29. Nc1 Nc3 30. e3 Rc8 31. Nb3 Ne4 32. Nd4 g4 33. Rb6 1-0

[Event "8th Edmonton International"]
[Site "Edmonton Canada"]
[Date "2013.06.27"]
[Round "5"]
[White "Doroshenko, Maxim"]
[Black "Short, Nigel"]
[Result "0-1"]
[WhiteElo "2336"]
[BlackElo "2682"]
[PlyCount "144"]
[EventDate "2013.06.23"]
[EventType "tourn"]
[EventRounds "9"]
[EventCountry "CAN"]
[TimeControl "5400"]

1. Nf3 d5 2. d4 Bg4 3. e3 e6 4. c4 c6 5. Nc3 Nd7 6. h3 Bh5 7. Be2 Ngf6 8. O-O
Bd6 9. b3 O-O 10. Bb2 Qb8 11. Nh4 Bxe2 12. Qxe2 Re8 13. Rad1 a5 14. Nf3 h6 15.
e4 Nxe4 16. Nxe4 dxe4 17. Qxe4 a4 18. Rfe1 axb3 19. axb3 Qd8 20. Qc2 Bb4 21.
Re3 Qc7 22. Ne5 Nxe5 23. dxe5 Red8 24. Red3 Rxd3 25. Qxd3 Bc5 26. Rd2 Qb6 27.
g4 Be7 28. Bd4 Qa5 29. Qe3 Qb4 30. Qc3 g5 31. Qxb4 Bxb4 32. Re2 Ra3 33. Re3 c5
34. Bb2 Ra2 35. Bc3 Ba3 36. Rd3 Rc2 37. Kg2 b6 38. Kf3 Bc1 39. Kg2 Bf4 40. Kf3
Rc1 41. Ke4 Rb1 42. Rd8+ Kg7 43. Rb8 Rxb3 44. Ba5 Rxh3 45. Bxb6 Rc3 46. Bxc5
Rxc4+ 47. Bd4 Rc1 48. Rb5 Kg6 49. Kf3 Re1 50. Ra5 h5 51. gxh5+ Kxh5 52. Rb5 Kg6
53. Ra5 Kf5 54. Ra7 g4+ 55. Kg2 Kg6 56. Ra5 Rd1 57. Bc3 Rd3 58. Bb2 g3 59. fxg3
Rxg3+ 60. Kf2 Rd3 61. Rb5 Rd5 62. Rxd5 exd5 63. Kf3 Kf5 64. Bd4 Bxe5 65. Bf2 d4
66. Bh4 Bf4 67. Bd8 Bh6 68. Bb6 Ke5 69. Ba5 Kd5 70. Bb6 f5 71. Ba7 d3 72. Bb6
Kc4 0-1

[Event "8th Edmonton International"]
[Site "Edmonton Canada"]
[Date "2013.06.27"]
[Round "5"]
[White "Gardner, Robert"]
[Black "Mikhalevski, Victor"]
[Result "1/2-1/2"]
[WhiteElo "2213"]
[BlackElo "2551"]
[PlyCount "127"]
[EventDate "2013.06.23"]
[EventType "tourn"]
[EventRounds "9"]
[EventCountry "CAN"]
[TimeControl "5400"]

1. d4 Nf6 2. c4 g6 3. Nc3 d5 4. Nf3 Bg7 5. Bg5 Ne4 6. Bh4 c6 7. e3 Qa5 8. Qb3
dxc4 9. Bxc4 Nd6 10. O-O Nxc4 11. Qxc4 Be6 12. Qd3 h6 13. a3 Nd7 14. b4 Qh5 15.
e4 Bg4 16. Bg3 Bxf3 17. gxf3 Rd8 18. Qe3 O-O 19. Rac1 Nb6 20. Ne2 Qh3 21. Rfd1
Kh7 22. Nf4 Qd7 23. d5 Qe8 24. Qb3 Rc8 25. a4 cxd5 26. Rxc8 Qxc8 27. a5 Nc4 28.
Nxd5 Nb2 29. Rb1 Qc4 30. Qxc4 Nxc4 31. Rc1 Nd2 32. Kg2 f5 33. Rc2 Nb3 34. Rc7
g5 35. exf5 Rxf5 36. Nxe7 Rb5 37. Bd6 a6 38. Nc8 Kg6 39. Na7 Rd5 40. Bg3 h5 41.
Rxb7 h4 42. Nc6 Bf6 43. Be5 Rd1 44. Bxf6 Kxf6 45. Rb6 Nc1 46. b5 axb5 47. a6
Nd3 48. Nb4+ Kf7 49. Nxd3 Rxd3 50. Rxb5 Ra3 51. Rb7+ Kg6 52. a7 Ra1 53. f4 g4
54. h3 gxh3+ 55. Kxh3 Kh5 56. Rg7 Ra3+ 57. Kg2 Kh6 58. Rb7 Kg6 59. f3 Kf5 60.
Kh3 Rxf3+ 61. Kxh4 Rxf4+ 62. Kh5 Ra4 63. Kh6 Kf6 64. Rb6+ 1/2-1/2

[Event "8th Edmonton International"]
[Site "Edmonton Canada"]
[Date "2013.06.27"]
[Round "5"]
[White "Wang, Richard"]
[Black "Perez Garcia, Rodney"]
[Result "1/2-1/2"]
[WhiteElo "2371"]
[BlackElo "2364"]
[PlyCount "73"]
[EventDate "2013.06.23"]
[EventType "tourn"]
[EventRounds "9"]
[EventCountry "CAN"]
[TimeControl "5400"]

1. d4 d5 2. c4 c6 3. Nf3 Nf6 4. e3 a6 5. Bd3 Bg4 6. Nbd2 e6 7. O-O Nbd7 8. Qc2
Bd6 9. b3 O-O 10. Bb2 Qb8 11. h3 Bh5 12. Ng5 h6 13. Ngf3 Bxf3 14. Nxf3 e5 15.
cxd5 cxd5 16. dxe5 Rc8 17. Bh7+ Nxh7 18. Qf5 Rd8 19. exd6 Qxd6 20. Rfd1 Nhf6
21. Rac1 Re8 22. Rc2 Re4 23. Bxf6 Nxf6 24. Rc8+ Re8 25. Rxa8 Rxa8 26. Ne5 Rd8
27. Rd4 Qe6 28. Qxe6 fxe6 29. Rb4 Nd7 30. Nd3 b6 31. Ra4 a5 32. b4 axb4 33.
Nxb4 Nc5 34. Ra7 d4 35. exd4 Rxd4 36. Nc6 Ra4 37. Rxa4 1/2-1/2